20 biggest us cities by area - Statistics

General Stats
  • This quiz has been taken 28 times
  • The average score is 10 of 20
Answer Stats
Area Sq.mi Answer State % Correct
599 Houston Texas
96%
340 Dallas Texas
92%
468 Los Angeles California
92%
516 Phoenix Arizona
88%
2.701 Juneau Alaska
84%
475 Nashville Tennessee
84%
1.704 Anchorage Alaska
80%
361 Indianapolis Indiana
76%
606 Oklahoma City Oklahoma
76%
747 Jacksonville Florida
72%
460 San Antonio Texas
72%
339 Fort Worth Texas
64%
716 Butte Montana
16%
340 Chesapeake Virginia
12%
2.870 Sitka Alaska
8%
736 Anaconda Montana
4%
375 Buckeye Arizona
0%
325 Louisiville Kentucky
0%
400 Suffolk Virginia
0%
2.541 Wrangell Alaska
0%
No matching quizzes found
Score Distribution
Percent of People with Each Score
Percentile by Number Answered
Your Score History
You have not taken this quiz